Els Pergamins documentals : naturalesa, tractament arxivístic i contingut diplomàtic / Pere Puig i Ustrell naturalesa, tractament arxivístic i contingut diplomàtic / Pere Puig i Ustrell
ISBN:
84-393-3588-1
Descripción Física:
201 p. : il. ; 24 cm
Colección:
Normativa arxivística ; 3
MARC
| LEADER | 00000nam a2200000Ia 4500 | ||
|---|---|---|---|
| 001 | 11155 | ||
| 008 | 160829s1995 xx 000 0 cat d | ||
| 020 | |a 84-393-3588-1 | ||
| 080 | |a A-1-219 | ||
| 100 | |a Puig i Ustrell, Pere |9 34105 | ||
| 245 | |a Els Pergamins documentals : |b naturalesa, tractament arxivístic i contingut diplomàtic / Pere Puig i Ustrell | ||
| 260 | |a Barcelona : |b Generalitat de Catalunya, Departament de Cultura, |c 1995 | ||
| 300 | |a 201 p. : |b il. ; |c 24 cm | ||
| 490 | |a Normativa arxivística ; 3 | ||
| 590 | |a A la part superior de la portada: Direcció General del Patrimoni Cultural, Servei d'Arxius. | ||
| 650 | |a Pergamí |9 34112 | ||
| 650 | |a Manuscrits |x Conservació i restauració |9 34113 | ||
| 650 | 0 | |a Diplomàtica |z Catalunya |9 36381 | |
| 650 | |a Catalogació de manuscrits |9 34115 | ||
| 710 | 2 | |a Catalunya. |b Departament de Cultura |9 52819 | |
| 710 | 1 | |a Catalunya. |b Servei d'Arxius |9 2924 | |
| 901 | |a Arxiu | ||
| 942 | |n 1 | ||
| 952 | |0 0 |1 0 |4 0 |6 A1219 |7 1 |9 46389 |a Arxiu |b Arxiu |d 2016-12-01 |l 0 |o A-1-219 |p 11155 |r 2016-12-01 00:00:00 |w 2016-12-01 |y ARXIU | ||
| 999 | |c 50174 |d 50174 | ||